Greek Translation - Countries - Statistics

General Stats
  • This quiz has been taken 142 times
  • The average score is 13 of 15
Answer Stats
Hint Answer % Correct
Κιριμπάτι Kiribati
95%
Αυστραλία Australia
93%
Ανδόρρα Andorra
92%
Άγιος Χριστόφορος και Νέβις Saint Kitts and Nevis
92%
Νίγηρας Niger
88%
Ηνωμένες Πολιτείες United States
85%
Ελλάδα Greece
84%
Άγιος Μαρίνος San Marino
84%
Χιλή Chile
82%
Ανατολικό Τιμόρ East Timor
81%
Παναμάς Panama
81%
Ιαπωνία Japan
78%
Δανία Denmark
77%
Γαλλία France
77%
Ελβετία Switzerland
67%
No matching quizzes found
Score Distribution
Percent of People with Each Score
Percentile by Number Answered
Your Score History
You have not taken this quiz